PHARMACEUTICS -|| (Record no. 7266)
[ view plain ]
| 000 -LEADER | |
|---|---|
| fixed length control field | 00300nam a2200133Ia 4500 |
| 008 - FIXED-LENGTH DATA ELEMENTS--GENERAL INFORMATION | |
| fixed length control field | 150301s2015 xx 000 0 und d |
| 082 ## - DEWEY DECIMAL CLASSIFICATION NUMBER | |
| Classification number | 615.19 |
| Item number | P15R |
| 100 ## - MAIN ENTRY--PERSONAL NAME | |
| Personal name | RAJE, V.N |
| 245 ## - TITLE STATEMENT | |
| Title | PHARMACEUTICS -|| |
| 260 ## - PUBLICATION, DISTRIBUTION, ETC. (IMPRINT) | |
| Name of publisher, distributor, etc. | CBS- DELHI |
| 300 ## - PHYSICAL DESCRIPTION | |
| Extent | 174 |
| 650 ## - SUBJECT ADDED ENTRY--TOPICAL TERM | |
| Topical term or geographic name as entry element | PHARMACEUTICS |
| 942 ## - ADDED ENTRY ELEMENTS (KOHA) | |
| Source of classification or shelving scheme | Dewey Decimal Classification |
| Koha item type | Books |
| Koha issues (borrowed), all copies | 21 |
| Withdrawn status | Lost status | Source of classification or shelving scheme | Damaged status | Not for loan | Collection code | Home library | Current library | Date acquired | Source of acquisition | Cost, normal purchase price | SGTU | Bill Number | Total Checkouts | Full call number | Barcode | Date last seen | Date last checked out | Bill Date | Koha item type |
|---|---|---|---|---|---|---|---|---|---|---|---|---|---|---|---|---|---|---|---|
| Dewey Decimal Classification | PHARMACY | SGT FA-FP Library | SGT FA-FP Library | 02/07/2015 | ABC-DELHI | 130.00 | SGTU | 5588 | 21 | 615.19 P15R | FP936 | 27/02/2026 | 13/02/2026 | 04/04/2015 | Books | ||||
| Dewey Decimal Classification | PHARMACY | SGT FA-FP Library | SGT FA-FP Library | 02/07/2015 | ABC-DELHI | 130.00 | SGTU | 5588 | 16 | 615.19 P15R | FP937 | 06/06/2022 | 21/05/2022 | 04/04/2015 | Books | ||||
| Dewey Decimal Classification | PHARMACY | SGT FA-FP Library | SGT FA-FP Library | 02/07/2015 | ABC-DELHI | 130.00 | SGTU | 5588 | 8 | 615.19 P15R | FP938 | 24/11/2022 | 24/11/2022 | 04/04/2015 | Books | ||||
| Dewey Decimal Classification | PHARMACY | SGT FA-FP Library | SGT FA-FP Library | 02/07/2015 | ABC-DELHI | 130.00 | SGTU | 5588 | 24 | 615.19 P15R | FP939 | 08/04/2025 | 27/03/2025 | 04/04/2015 | Books | ||||
| Dewey Decimal Classification | PHARMACY | SGT FA-FP Library | SGT FA-FP Library | 02/07/2015 | ABC-DELHI | 130.00 | SGTU | 5588 | 24 | 615.19 P15R | FP940 | 10/12/2022 | 24/11/2022 | 04/04/2015 | Books |